000 01461nam a2200361 i 4500
001 165439
003 ES-MaACL
005 20250815063239.0
008 000110s1872 sp a |||| | spa d
040 _aM-RACE
_bspa
_cM-RACE
_dCCPB | B
080 _a62/69
100 1 _aSitges, Juan B.,
_d1842-1919
_eaut
_9170252
245 1 0 _aNociones de artes mecánicas y procedimientos industriales /
_cpor Don J. B. Sitges
260 _aMadrid :
_b[s.n.],
_c1872
_f(Imp. de Manuel Tello)
300 _aXIV, 316 páginas :
_bilustraciones (blanco y negro) ;
_c23 cm
500 _aÍndice
505 0 _aMotores y herramientas; Metalurgia; Industrias químicas; Sustancias alimenticias; Industrias que se relacionan con el vestido; Industrias gráficas
530 _aDisponible en formato digital
650 0 7 _aTecnología
_2embne
_917398
650 7 _aMecánica
_2embne
_914869
650 7 _aMotores
_2embne
_9159468
650 7 _aMetalurgia
_2embne
_9136491
650 7 _aIndustria química
_2embne
_913744
650 7 _aAlimentos
_2embne
_99730
650 7 _aFibras textiles
_2embne
_9144266
650 7 _aTejidos
_2embne
_917422
650 7 _aIndustria gráfica
_2embne
_9241758
852 4 _aES-MaACL
_cSPAL
_jC-3218
_xHolandesa
856 4 _uhttps://bdh-rd.bne.es/viewer.vm?id=0000107592&page=1
_yVersión en línea
_z(Biblioteca Digital Hispánica)
942 _cMONANT
_n0
999 _c165439
_d165439